Consecuencias económicas del proceso de independencia en Colombia / (Registro nro. 5446)

Detalles MARC
000 -LEADER
fixed length control field 01289nam a2200265Ia 4500
003 - CONTROL NUMBER IDENTIFIER
control field OSt
005 - DATE AND TIME OF LATEST TRANSACTION
control field 20200716181108.0
008 - FIXED-LENGTH DATA ELEMENTS--GENERAL INFORMATION
fixed length control field 191128s2008 ck ad gr 000 0dspa d
020 ## - INTERNATIONAL STANDARD BOOK NUMBER
International Standard Book Number 9789587250015
040 ## - CATALOGING SOURCE
Original cataloging agency CO-JMCR
Transcribing agency CO-JMCR
041 0# - LANGUAGE CODE
Language code of text/sound track or separate title spa
082 14 - DEWEY DECIMAL CLASSIFICATION NUMBER
Classification number 330.9861 /
Item number K147c
Edition number 23
100 1# - MAIN ENTRY--PERSONAL NAME
Personal name Kalmanovitz, Salomón,
Relator term autor
9 (RLIN) 5368
245 10 - TITLE STATEMENT
Title Consecuencias económicas del proceso de independencia en Colombia /
Statement of responsibility, etc. Salomón Kalmanovitz
250 ## - EDITION STATEMENT
Edition statement Primera edición
260 ## - PUBLICATION, DISTRIBUTION, ETC.
Place of publication, distribution, etc. Bogotá :
Name of publisher, distributor, etc. Universidad Jorge Tadeo Lozano,
Date of publication, distribution, etc. 2008.
300 ## - PHYSICAL DESCRIPTION
Extent 45 páginas :
Other physical details gráficos a blanco y negro ;
Dimensions 21 cm.
490 0# - SERIES STATEMENT
Series statement Ensayo
504 ## - BIBLIOGRAPHY, ETC. NOTE
Bibliography, etc. note Bibliografía: páginas 41-44.
505 0# - FORMATTED CONTENTS NOTE
Formatted contents note Antecedentes: auge colonial y excesos tributarios -- De las Constituciones localistas a la Gran Colombia -- La estructura económica después de la independencia -- La modernización fiscal, bancaria y legislativa -- Los costos y beneficios de la Independenc
520 0# - SUMMARY, ETC.
Summary, etc. Este ensayo intenta cuantificar las consecuencias económicas que tuvo la independencia de la Nueva Granada y la construcción de un nuevo Estado nacional colombiano.
650 14 - SUBJECT ADDED ENTRY--TOPICAL TERM
Topical term or geographic name entry element Historia económica
Chronological subdivision Siglo XIX
Geographic subdivision Colombia
9 (RLIN) 7440
650 24 - SUBJECT ADDED ENTRY--TOPICAL TERM
Topical term or geographic name entry element Consecuencias económicas
Chronological subdivision Siglo XIX
Geographic subdivision Colombia
9 (RLIN) 7441
942 ## - ADDED ENTRY ELEMENTS (KOHA)
Source of classification or shelving scheme Dewey Decimal Classification
Koha item type Books
Existencias
Withdrawn status Lost status Source of classification or shelving scheme Materials specified (bound volume or other part) Damaged status Not for loan Home library Current library Shelving location Date acquired Source of acquisition Full call number Barcode Date last seen Copy number Price effective from Koha item type
    Dewey Decimal Classification Donación--15/04/2018--     Biblioteca Pública José María del Castillo y Rada Biblioteca Pública José María del Castillo y Rada General Stacks 11/28/2019 Donación 330.9861 / K147c 430001931 05/16/2024 Ej.1 11/28/2019 Books